| 000 | 00851nam a2200241 a 4500 | ||
|---|---|---|---|
| 999 |
_c11113 _d11113 |
||
| 001 | 11113 | ||
| 003 | BD-JhCC | ||
| 005 | 20190801081612.0 | ||
| 008 | 190630b20102016bg a|||| ||a| 000 0 ben d | ||
| 020 | _a9847009601354 | ||
| 035 | _a(BD-JhCC)11113 | ||
| 040 |
_aBD-JhCC _dBD-JhCC |
||
| 041 | _aben | ||
| 082 |
_a520.5 _bEKU 2016 |
||
| 245 |
_aএকুশ শতকের জ্যোতির্বিজ্ঞান / _cসম্পাদনা: এ এম হারুন অর রশীদ,মুনির হাসান |
||
| 260 |
_aঢাকা: _bতাম্রলিপি; _c২০১৬. |
||
| 300 |
_a২০৬ পৃঃ . : _bill; _c২২ সেমি. |
||
| 650 | _aAstronomy | ||
| 700 | _aরশীদ, এ এম হারুন অর | ||
| 700 | _aহাসান, মুনির | ||
| 942 |
_2ddc _cBK |
||